BIBLIOTECA

SENCICO

Biblioteca internacional del ingeniero Civil : Construcción de estructuras de concreto presforzado (2a. parte) (Registro nro. 2854)

Detalles MARC
000 -LEADER
fixed length control field 00478nam a2200169Ia 4500
005 - DATE AND TIME OF LATEST TRANSACTION
control field 20251020182555.0
008 - FIXED-LENGTH DATA ELEMENTS--GENERAL INFORMATION
fixed length control field 200515s9999 xx 000 0 und d
082 ## - DEWEY DECIMAL CLASSIFICATION NUMBER
Classification number R/69(030/L66/XI
100 ## - MAIN ENTRY--PERSONAL NAME
Personal name GERWICK, Ben C.
245 #0 - TITLE STATEMENT
Title Biblioteca internacional del ingeniero Civil : Construcción de estructuras de concreto presforzado (2a. parte)
260 ## - PUBLICATION, DISTRIBUTION, ETC.
Place of publication, distribution, etc. México, D.F.
260 ## - PUBLICATION, DISTRIBUTION, ETC.
Date of publication, distribution, etc. 1990
300 ## - PHYSICAL DESCRIPTION
Extent 455
650 ## - SUBJECT ADDED ENTRY--TOPICAL TERM
Topical term or geographic name entry element ESTRUCTURAS DE CONCRETO
650 ## - SUBJECT ADDED ENTRY--TOPICAL TERM
Topical term or geographic name entry element LIB
942 ## - ADDED ENTRY ELEMENTS (KOHA)
Koha item type Libros
Existencias
Fecha de la última vez que lo usaron Pago total Signatura topográfica completa Código de barras Precio efectivo desde Tipo de documento Estado perdido Estado dañado No es para préstamo Retirado Ubicación permanente Ubicación actual Fecha de adquisición
15/05/2020   R/69(030/L66/XI Bib-Lima15052854 15/05/2020 Libros         Biblioteca Central Lima Biblioteca Central Lima 15/05/2020